Sports Quiz

Random Sports Quiz

Pitchers With 40 Saves in a Season (2000s) Quiz Stats

 Plays Quiz not verified by Sporcle

Challenge
Share
Tweet
Embed
Score 0/38 Timer 11:00
0 Plays Today
Number of Times (last) % Correct
5 (2009)Mariano Rivera
99.1%
6 (2007)Trevor Hoffman
97.4%
4 (2008)Francisco Rodriguez
95.7%
1 (2008)Brian Wilson
91.7%
3 (2009)Joe Nathan
90.4%
1 (2008)Jonathan Papelbon
88.7%
2 (2008)Brad Lidge
85.2%
2 (2006)Billy Wagner
83.9%
3 (2004)Eric Gagne
80%
2 (2007)Bobby Jenks
78.3%
3 (2004)John Smoltz
76.5%
1 (2008)Joakim Soria
73.9%
1 (2009)Heath Bell
71.7%
2 (2007)Francisco Cordero
70.4%
1 (2005)Chad Cordero
70%
3 (2002)Robb Nen
65.2%
1 (2009)Brian Fuentes
64.3%
2 (2008)Jose Valverde
61.3%
2 (2005)Todd Jones
58.3%
Number of Times (last) % Correct
1 (2004)Jason Isringhausen
57.8%
3 (2004)Armando Benitez
53.9%
2 (2003)Keith Foulke
53.9%
1 (2002)Troy Percival
53%
3 (2004)Jose Mesa
46.1%
1 (2001)Kaz Sasaki
45.2%
1 (2007)JJ Putz
42.2%
2 (2003)Eddie Guardado
36.1%
1 (2005)Bob Wickman
36.1%
1 (2002)Billy Koch
32.6%
1 (2000)Antonio Alfonseca
31.7%
1 (2002)Mike Williams
31.7%
1 (2000)Derek Lowe
30%
1 (2002)Ugueth Urbina
29.1%
1 (2007)Joe Borowski
25.2%
1 (2004)Danny Graves
23%
1 (2005)Dannys Baez
18.3%
1 (2001)Jeff Shaw
17%
1 (2002)Jose Jimenez
16.1%

You're not logged in!

Compare scores with friends on all Sporcle quizzes.
Join for Free
OR
Log In

You Might Also Like...

Show Comments

Extras

Created Apr 10, 2011SourceReportNominate
Tags:2000, last, pitchers, save, season, team

Top Quizzes Today


Score Distribution

Your Account Isn't Verified!

In order to create a playlist on Sporcle, you need to verify the email address you used during registration. Go to your Sporcle Settings to finish the process.

Report this User

Report this user for behavior that violates our Community Guidelines.

Details: